| 000 | 00975cab a2200253 4500 | ||
|---|---|---|---|
| 001 | WB3131-87 | ||
| 008 | 090401t1995 xxu||||| |||| 00| 0 eng d | ||
| 035 | _a(Sirsi) u52105 | ||
| 041 | _aeng | ||
| 245 | _aSolicitors duty of care | ||
| 260 | _c1995 | ||
| 350 | _a0 | ||
| 490 |
_aEstates Gazette Case Summaries _v1995 EGCS 141 (5 August 1995) |
||
| 520 | _a"Elland Developments v Smith and others", ChD 24 July 1995. A solicitor was acting for the vendor and the possessor on the sale of land. Two houses were erected on the land but were difficult to sell. Action was taken against the solicitors for alleged negligence and breach of duty. Action dismissed. | ||
| 650 | _aDUTY OF CARE | ||
| 650 | _aELLAND DEVELOPMENTS V SMITH AND OTHERS 1995 | ||
| 650 | _aNEGLIGENCE | ||
| 650 | _aPOSSESSORY TITLE | ||
| 650 | _aSALE OF LAND | ||
| 650 | _aSOLICITORS | ||
| 690 | _aMANAGEMENT-BUSINESS MANAGEMENT-PROFESSIONAL PRACTICE | ||
| 942 | _n0 | ||
| 948 | _c04/03/1997 | ||
| 999 |
_c32325 _d32325 |
||